[Event "PK Jeugd 2020 C-Meisjes"]
[Site "Eindhoven, Netherlands"]
[Date "2020.02.09"]
[Round "6.4"]
[White "Westerhof, Fleur"]
[Black "Yildirum, Azra"]
[Result "1-0"]
[WhiteElo "881"]
[BlackElo "415"]
[PlyCount "55"]
[EventDate "2020.??.??"]

1. e4 {[%emt 0:00:03]} e5 {[%emt 0:00:12]} 2. Nf3 {[%emt 0:00:05]} Nc6 {
[%emt 0:00:15]} 3. Bc4 {[%emt 0:00:04]} Bc5 {[%emt 0:00:45]} 4. Nc3 {[%emt 0:
00:11]} d6 {[%emt 0:00:35]} 5. O-O {[%emt 0:00:09]} Nf6 {[%emt 0:00:11]} 6. h3
{[%emt 0:00:13]} Nxe4 {[%emt 0:01:02]} 7. Nxe4 {[%emt 0:00:08]} d5 {[%emt 0:00:
15]} 8. Nxc5 {[%emt 0:00:07]} dxc4 {[%emt 0:00:08]} 9. Qe2 {[%emt 0:01:57]} Qf6
{[%emt 0:01:22]} 10. Qxc4 {[%emt 0:01:23]} Qg6 {[%emt 0:02:05]} 11. Qh4 {
[%emt 0:02:52]} Nd4 {[%emt 0:01:36]} 12. Nxd4 {[%emt 0:01:09]} exd4 {[%emt 0:
00:26]} 13. Qe4+ {[%emt 0:00:12]} Be6 {[%emt 0:01:09]} 14. Qxg6 {[%emt 0:00:12]
} hxg6 {[%emt 0:00:33]} 15. Nxe6 {[%emt 0:00:05]} fxe6 {[%emt 0:00:09]} 16. Re1
{[%emt 0:00:06]} O-O-O {[%emt 0:00:15]} 17. Rxe6 {[%emt 0:00:07]} Rh6 {[%emt 0:
02:26]} 18. d3 {[%emt 0:00:14]} b6 {[%emt 0:00:20]} 19. Bxh6 {[%emt 0:00:10]}
g5 {[%emt 0:00:33]} 20. Bxg5 {[%emt 0:00:10]} Rf8 {[%emt 0:01:00]} 21. Rae1 {
[%emt 0:00:14]} Kd7 {[%emt 0:00:20]} 22. Re7+ {[%emt 0:00:14]} Kd8 {[%emt 0:00:
10]} 23. Rf7+ {[%emt 0:00:08]} Kc8 {[%emt 0:00:29]} 24. Rxf8+ {[%emt 0:00:10]}
Kb7 {[%emt 0:00:13]} 25. b4 {[%emt 0:00:14]} a5 {[%emt 0:00:36]} 26. b5 {
[%emt 0:00:13]} a4 {[%emt 0:00:31]} 27. Ree8 {[%emt 0:00:06]} c6 {[%emt 0:00:
35]} 28. Re7# {[%emt 0:00:24]} 1-0

[Event "PK Jeugd 2020 C-Meisjes"]
[Site "Eindhoven, Netherlands"]
[Date "2020.02.09"]
[Round "6.5"]
[White "Ganeshram, Nirupa"]
[Black "Struijs, Ilona"]
[Result "1-0"]
[WhiteElo "1033"]
[BlackElo "701"]
[PlyCount "133"]
[EventDate "2020.??.??"]

1. e4 {[%emt 0:27:42]} e5 {[%emt 0:00:04]} 2. Nf3 {[%emt 0:00:02]} Nc6 {
[%emt 0:00:12]} 3. Bc4 {[%emt 0:00:04]} Bc5 {[%emt 0:00:26]} 4. d3 {[%emt 0:00:
13]} Nf6 {[%emt 0:01:49]} 5. Bg5 {[%emt 0:00:14]} h6 {[%emt 0:00:23]} 6. Bh4 {
[%emt 0:00:04]} g5 {[%emt 0:00:17]} 7. Bg3 {[%emt 0:00:08]} d6 {[%emt 0:00:30]}
8. Nc3 {[%emt 0:00:12]} Bg4 {[%emt 0:00:12]} 9. h3 {[%emt 0:01:12]} Bh5 {
[%emt 0:00:06]} 10. Bh2 {[%emt 0:01:06]} g4 {[%emt 0:01:31]} 11. hxg4 {[%emt 0:
01:36]} Bxg4 {[%emt 0:00:07]} 12. Nd5 {[%emt 0:01:14]} Nd4 {[%emt 0:01:40]} 13.
c3 {[%emt 0:01:08]} Nxf3+ {[%emt 0:02:02]} 14. gxf3 {[%emt 0:00:21]} Be6 {
[%emt 0:00:44]} 15. Qb3 {[%emt 0:01:11]} Nxd5 {[%emt 0:01:48]} 16. Bxd5 {
[%emt 0:00:10]} Bxd5 {[%emt 0:00:13]} 17. exd5 {[%emt 0:00:56]} Qh4 {[%emt 0:
00:21]} 18. Qc2 {[%emt 0:02:28]} O-O-O {[%emt 0:00:28]} 19. O-O-O {[%emt 0:04:
46]} Bxf2 {[%emt 0:00:44]} 20. Bxe5 {[%emt 0:00:27]} Qg5+ {[%emt 0:01:08]} 21.
Kb1 {[%emt 0:00:15]} Qxe5 {[%emt 0:00:51]} 22. Qxf2 {[%emt 0:00:08]} a6 {
[%emt 0:01:24]} 23. c4 {[%emt 0:01:30]} c5 {[%emt 0:01:24]} 24. dxc6 {[%emt 0:
00:34]} bxc6 {[%emt 0:00:13]} 25. Qb6 {[%emt 0:00:20]} Qe7 {[%emt 0:02:26]} 26.
Qxc6+ {[%emt 0:00:14]} Kb8 {[%emt 0:00:56]} 27. Qxa6 {[%emt 0:01:15]} d5 {
[%emt 0:00:31]} 28. Qb5+ {[%emt 0:00:45]} Qb7 {[%emt 0:01:16]} 29. Qxb7+ {
[%emt 0:00:17]} Kxb7 {[%emt 0:00:02]} 30. Rhe1 {[%emt 0:00:21]} Rd7 {[%emt 0:
00:31]} 31. cxd5 {[%emt 0:00:07]} Kc7 {[%emt 0:00:31]} 32. a4 {[%emt 0:00:54]}
Kd6 {[%emt 0:00:08]} 33. Ka2 {[%emt 0:00:04]} Kxd5 {[%emt 0:00:05]} 34. b3 {
[%emt 0:00:09]} Kc6 {[%emt 0:00:13]} 35. Ka3 {[%emt 0:00:06]} Rd4 {[%emt 0:00:
12]} 36. Re4 {[%emt 0:00:39]} Rxe4 {[%emt 0:00:28]} 37. dxe4 {[%emt 0:00:13]}
h5 {[%emt 0:00:15]} 38. b4 {[%emt 0:00:09]} Kb6 {[%emt 0:00:14]} 39. Rh1 {
[%emt 0:00:34]} h4 {[%emt 0:00:09]} 40. Kb3 {[%emt 0:00:11]} h3 {[%emt 0:00:11]
} 41. Kc4 {[%emt 0:00:05]} Kc6 {[%emt 0:00:04]} 42. Kd3 {[%emt 0:00:50]} Rb8 {
[%emt 0:01:02]} 43. Kc4 {[%emt 0:00:46]} Kd6 {[%emt 0:00:25]} 44. Rxh3 {
[%emt 0:00:15]} Rc8+ {[%emt 0:00:11]} 45. Kd4 {[%emt 0:00:17]} Ra8 {[%emt 0:00:
12]} 46. a5 {[%emt 0:00:08]} f6 {[%emt 0:00:48]} 47. Rh6 {[%emt 0:00:22]} Ke7 {
[%emt 0:00:13]} 48. Kc5 {[%emt 0:00:17]} Ke6 {[%emt 0:00:21]} 49. Kb6 {[%emt 0:
00:08]} Rb8+ {[%emt 0:00:11]} 50. Kc5 {[%emt 0:00:29]} Rc8+ {[%emt 0:00:08]}
51. Kd4 {[%emt 0:00:09]} Rd8+ {[%emt 0:00:09]} 52. Ke3 {[%emt 0:00:19]} Ke7 {
[%emt 0:01:16]} 53. Rh5 {[%emt 0:00:30]} Rc8 {[%emt 0:00:22]} 54. Rc5 {[%emt 0:
00:28]} Rb8 {[%emt 0:00:13]} 55. b5 {[%emt 0:00:13]} Kd6 {[%emt 0:00:18]} 56.
Rc6+ {[%emt 0:00:10]} Ke7 {[%emt 0:00:15]} 57. b6 {[%emt 0:00:10]} Ra8 {
[%emt 0:00:23]} 58. b7 {[%emt 0:00:10]} Rb8 {[%emt 0:00:21]} 59. a6 {[%emt 0:
00:03]} Kd7 {[%emt 0:00:12]} 60. a7 {[%emt 0:00:26]} Rxb7 {[%emt 0:00:15]} 61.
a8=Q {[%emt 0:00:08]} Kxc6 {[%emt 0:00:05]} 62. Kf4 {[%emt 0:00:16]} Kc7 {
[%emt 0:00:29]} 63. Qxb7+ {[%emt 0:00:08]} Kxb7 {[%emt 0:00:06]} 64. Kf5 {
[%emt 0:00:02]} Kc7 {[%emt 0:00:05]} 65. Kxf6 {[%emt 0:00:04]} Kd7 {[%emt 0:00:
06]} 66. Kf7 {[%emt 0:00:17]} Kd6 {[%emt 0:00:13]} 67. f4 {[%emt 0:00:10]} 1-0

[Event "PK Jeugd 2020 C-Meisjes"]
[Site "Eindhoven, Netherlands"]
[Date "2020.02.09"]
[Round "7.1"]
[White "Huang, Luna"]
[Black "Mensing, Luana"]
[Result "0-1"]
[WhiteElo "1366"]
[BlackElo "1600"]

1. e4 {[%clk 00:55:19]} c5 {[%clk 00:55:14]} {[%emt 00:00:07]} 2. Nf3 {[%clk
00:55:18]} {[%emt 00:00:10]} d6 {[%clk 00:55:16]} {[%emt 00:00:08]} 3. d4
{[%clk 00:55:20]} {[%emt 00:00:09]} cxd4 {[%clk 00:55:16]} {[%emt 00:00:09]} 4.
Nxd4 {[%clk 00:55:22]} {[%emt 00:00:07]} Nf6 {[%clk 00:55:03]} {[%emt
00:00:24]} 5. Nc3 {[%clk 00:55:11]} {[%emt 00:00:22]} a6 {[%clk 00:54:42]}
{[%emt 00:00:31]} 6. Be3 {[%clk 00:55:01]} {[%emt 00:00:20]} e5 {[%clk
00:53:59]} {[%emt 00:00:52]} 7. Nb3 {[%clk 00:54:59]} {[%emt 00:00:12]} Be6
{[%clk 00:53:10]} {[%emt 00:00:59]} 8. f3 {[%clk 00:54:35]} {[%emt 00:00:35]}
Be7 {[%clk 00:50:40]} {[%emt 00:02:40]} 9. Qd2 {[%clk 00:54:26]} {[%emt
00:00:18]} Nbd7 {[%clk 00:47:44]} {[%emt 00:03:06]} 10. g4 {[%clk 00:51:42]}
{[%emt 00:02:54]} h6 {[%clk 00:43:16]} {[%emt 00:04:39]} 11. O-O-O {[%clk
00:51:02]} {[%emt 00:00:49]} Bxb3 {[%clk 00:40:35]} {[%emt 00:02:51]} 12. axb3
{[%clk 00:50:53]} {[%emt 00:00:19]} b5 {[%clk 00:33:00]} {[%emt 00:07:46]} 13.
Qf2 {[%clk 00:45:55]} {[%emt 00:05:06]} Qc7 {[%clk 00:29:11]} {[%emt 00:04:00]}
14. Kb1 {[%clk 00:45:25]} {[%emt 00:00:40]} Rc8 {[%clk 00:21:12]} {[%emt
00:08:09]} 15. Bd3 {[%clk 00:41:21]} {[%emt 00:04:15]} Nc5 {[%clk 00:18:24]}
{[%emt 00:02:57]} 16. Bxc5 {[%clk 00:40:54]} {[%emt 00:00:36]} dxc5 {[%clk
00:17:45]} {[%emt 00:00:50]} 17. h4 {[%clk 00:33:18]} {[%emt 00:07:45]} c4
{[%clk 00:15:07]} {[%emt 00:02:49]} 18. bxc4 {[%clk 00:33:04]} {[%emt
00:00:24]} bxc4 {[%clk 00:15:12]} {[%emt 00:00:05]} 19. Bf1 {[%clk 00:31:45]}
{[%emt 00:01:27]} Rb8 {[%clk 00:14:25]} {[%emt 00:00:59]} 20. Na4 {[%clk
00:27:11]} {[%emt 00:04:45]} Qc6 {[%clk 00:12:44]} {[%emt 00:01:51]} 21. Qa7
{[%clk 00:25:20]} {[%emt 00:02:01]} O-O {[%clk 00:08:51]} {[%emt 00:04:02]} 22.
Qxe7 {[%clk 00:25:08]} {[%emt 00:00:22]} Qxa4 {[%clk 00:08:39]} {[%emt
00:00:22]} 23. Qxe5 {[%clk 00:24:41]} {[%emt 00:00:37]} Rb5 {[%clk 00:07:14]}
{[%emt 00:01:35]} 24. Qc3 {[%clk 00:23:57]} {[%emt 00:00:47]} Rfb8 {[%clk
00:06:00]} {[%emt 00:01:31]} 25. Be2 {[%clk 00:21:30]} {[%emt 00:02:37]} Rxb2+
{[%clk 00:05:46]} {[%emt 00:00:24]} 26. Qxb2 {[%clk 00:21:33]} {[%emt
00:00:07]} Rxb2+ {[%clk 00:05:49]} {[%emt 00:00:06]} 27. Kxb2 {[%emt 00:00:07]}
Qb4+ {[%clk 00:05:39]} {[%emt 00:00:19]} 28. Ka2 {[%clk 00:21:09]} {[%emt
00:00:39]} c3 {[%clk 00:05:18]} {[%emt 00:00:31]} 29. Rd8+ {[%emt 00:03:56]}
Kh7 {[%clk 00:05:21]} {[%emt 00:00:06]} 30. Rb8 {[%clk 00:16:14]} {[%emt
00:01:19]} Qxb8 {[%clk 00:05:13]} {[%emt 00:00:17]} 31. Rb1 {[%clk 00:16:10]}
{[%emt 00:00:15]} Qe8 {[%clk 00:05:07]} {[%emt 00:00:17]} 32. Rb3 {[%clk
00:15:03]} {[%emt 00:01:17]} Qa4+ {[%clk 00:04:58]} {[%emt 00:00:18]} 33. Kb1
{[%clk 00:14:34]} {[%emt 00:00:39]} Qd4 {[%clk 00:04:53]} {[%emt 00:00:15]} 34.
Bd3 {[%clk 00:13:17]} {[%emt 00:01:27]} Qg1+ {[%clk 00:05:01]} {[%emt
00:00:03]} 35. Ka2 {[%clk 00:13:10]} {[%emt 00:00:17]} Qe1 {[%clk 00:05:05]}
{[%emt 00:00:05]} 36. e5+ {[%clk 00:13:00]} {[%emt 00:00:20]} g6 {[%clk
00:05:14]} {[%emt 00:00:02]} 37. exf6 {[%clk 00:12:51]} {[%emt 00:00:18]} Qxh4
{[%clk 00:05:20]} {[%emt 00:00:04]} 38. Rb7 {[%clk 00:12:17]} {[%emt 00:00:44]}
Qxf6 {[%clk 00:04:44]} {[%emt 00:00:46]} 39. Bc4 {[%clk 00:11:18]} {[%emt
00:01:10]} Kg7 {[%clk 00:04:52]} {[%emt 00:00:02]} 40. Rxf7+ {[%clk 00:11:13]}
{[%emt 00:00:14]} Qxf7 {[%clk 00:05:01]} {[%emt 00:00:01]} 41. Bxf7 {[%clk
00:11:03]} {[%emt 00:00:20]} Kxf7 {[%clk 00:05:11]} {[%emt 00:00:01]} 42. Kb3
{[%clk 00:11:07]} {[%emt 00:00:06]} h5 {[%clk 00:05:20]} {[%emt 00:00:01]} 43.
Kxc3 {[%clk 00:10:23]} {[%emt 00:00:54]} h4 {[%clk 00:05:28]} {[%emt 00:00:01]}
44. Kd4 {[%clk 00:10:06]} {[%emt 00:00:27]} h3 {[%clk 00:05:35]} {[%emt
00:00:04]} 45. c4 {[%clk 00:10:15]} {[%emt 00:00:01]} h2 {[%clk 00:05:43]}
{[%emt 00:00:01]} 46. c5 {[%clk 00:10:24]} {[%emt 00:00:01]} h1=Q {[%emt
00:00:02]} 47. c6 {[%clk 00:10:30]} {[%emt 00:00:05]} Qxf3 {[%clk 00:05:56]}
{[%emt 00:00:04]} 48. c7 {[%clk 00:10:33]} {[%emt 00:00:07]} Qc6 {[%clk
00:06:05]} {[%emt 00:00:01]} 49. c8=Q Qxc8 50. g5 {[%clk 00:09:50]} {[%emt
00:00:04]} a5 {[%clk 00:06:11]} {[%emt 00:00:04]} 51. Kd5 {[%clk 00:09:54]}
{[%emt 00:00:06]} Qa6 {[%clk 00:06:17]} {[%emt 00:00:04]} 52. Kc5 {[%clk
00:09:58]} {[%emt 00:00:06]} a4 {[%clk 00:06:25]} {[%emt 00:00:02]} 53. Kb4
{[%clk 00:10:06]} {[%emt 00:00:02]} a3 {[%clk 00:06:29]} {[%emt 00:00:06]} 54.
Kb3 {[%emt 00:00:09]} Qb5+ 55. Kxa3 {[%clk 00:09:40]} {[%emt 00:00:39]} Qxg5
{[%clk 00:06:45]} {[%emt 00:00:02]} 56. Kb4 {[%clk 00:09:47]} {[%emt 00:00:03]}
Qc1 {[%clk 00:06:52]} {[%emt 00:00:03]} 57. Kb5 {[%clk 00:09:53]} {[%emt
00:00:05]} g5 {[%clk 00:07:00]} {[%emt 00:00:02]} 58. Kb4 {[%clk 00:09:58]}
{[%emt 00:00:04]} g4 {[%clk 00:07:05]} {[%emt 00:00:06]} 59. Kb3 {[%clk
00:10:07]} {[%emt 00:00:01]} g3 {[%clk 00:07:12]} {[%emt 00:00:02]} 60. Kb4
{[%clk 00:10:14]} {[%emt 00:00:03]} g2 {[%clk 00:07:20]} {[%emt 00:00:02]} 61.
Kb5 {[%clk 00:10:22]} {[%emt 00:00:02]} g1=Q {[%emt 00:00:05]} 62. Kb4 {[%clk
00:10:30]} {[%emt 00:00:02]} Qb6+ {[%clk 00:07:34]} {[%emt 00:00:01]} 63. Ka4
{[%clk 00:10:37]} {[%emt 00:00:04]} Qa1# {[%clk 00:07:42]} {[%emt 00:00:01]}
0-1

[Event "PK Jeugd 2020 C-Meisjes"]
[Site "Eindhoven, Netherlands"]
[Date "2020.02.09"]
[Round "7.2"]
[White "Feng, Elysia"]
[Black "Nooren, Bibi"]
[Result "1-0"]
[WhiteElo "1559"]
[BlackElo "638"]

1. e4 {[%clk 00:55:19]} e5 {[%clk 00:55:15]} {[%emt 00:00:05]} 2. Nf3 {[%clk
00:55:26]} {[%emt 00:00:03]} Nc6 {[%clk 00:55:21]} {[%emt 00:00:05]} 3. Bb5
{[%clk 00:55:34]} {[%emt 00:00:03]} Nf6 {[%clk 00:55:16]} {[%emt 00:00:14]} 4.
Nc3 {[%clk 00:55:40]} {[%emt 00:00:05]} Bc5 {[%clk 00:55:18]} {[%emt 00:00:07]}
5. O-O {[%clk 00:55:43]} {[%emt 00:00:06]} O-O {[%clk 00:55:24]} {[%emt
00:00:04]} 6. d3 {[%clk 00:55:45]} {[%emt 00:00:09]} d6 {[%clk 00:55:19]}
{[%emt 00:00:16]} 7. Bg5 {[%clk 00:55:37]} {[%emt 00:00:17]} h6 {[%clk
00:54:27]} {[%emt 00:01:02]} 8. Bh4 {[%clk 00:55:43]} {[%emt 00:00:05]} Bg4
{[%clk 00:54:24]} {[%emt 00:00:11]} 9. h3 {[%clk 00:55:43]} {[%emt 00:00:11]}
Bh5 {[%clk 00:54:21]} {[%emt 00:00:13]} 10. Nd5 {[%clk 00:54:36]} {[%emt
00:01:17]} g5 {[%clk 00:54:09]} {[%emt 00:00:22]} 11. Bg3 {[%clk 00:54:38]}
{[%emt 00:00:08]} Nd4 {[%clk 00:53:45]} {[%emt 00:00:35]} 12. Bc4 {[%clk
00:53:25]} {[%emt 00:01:22]} Nxf3+ {[%clk 00:53:28]} {[%emt 00:00:27]} 13. gxf3
{[%clk 00:53:26]} {[%emt 00:00:09]} Nxd5 {[%clk 00:53:06]} {[%emt 00:00:31]} 14.
Bxd5 {[%clk 00:53:29]} {[%emt 00:00:08]} c6 {[%clk 00:52:57]} {[%emt 00:00:19]}
15. Bb3 {[%clk 00:53:30]} {[%emt 00:00:09]} Qd7 {[%clk 00:52:42]} {[%emt
00:00:25]} 16. Kh2 {[%clk 00:53:20]} {[%emt 00:00:20]} Rfe8 {[%clk 00:52:02]}
{[%emt 00:00:50]} 17. Rg1 {[%clk 00:52:54]} {[%emt 00:00:37]} Kf8 {[%clk
00:51:17]} {[%emt 00:00:55]} 18. h4 {[%clk 00:52:40]} {[%emt 00:00:24]} g4
{[%clk 00:49:19]} {[%emt 00:02:07]} 19. fxg4 {[%clk 00:52:34]} {[%emt
00:00:16]} Bxg4 {[%clk 00:49:10]} {[%emt 00:00:19]} 20. Qd2 {[%clk 00:52:36]}
{[%emt 00:00:08]} Kg7 {[%clk 00:48:08]} {[%emt 00:01:12]} 21. Rg2 {[%clk
00:50:49]} {[%emt 00:01:57]} d5 {[%clk 00:45:57]} {[%emt 00:02:22]} 22. exd5
{[%clk 00:48:45]} {[%emt 00:02:13]} cxd5 {[%clk 00:45:38]} {[%emt 00:00:29]} 23.
f3 {[%clk 00:48:19]} {[%emt 00:00:36]} Bxf3 {[%clk 00:35:18]} {[%emt 00:10:30]}
24. Bxe5+ {[%clk 00:48:16]} {[%emt 00:00:14]} Kf8 {[%clk 00:35:15]} {[%emt
00:00:12]} 25. Qxh6+ {[%clk 00:48:11]} {[%emt 00:00:15]} Ke7 {[%clk 00:35:08]}
{[%emt 00:00:18]} 26. Bf6+ {[%clk 00:45:16]} {[%emt 00:03:04]} Kd6 {[%clk
00:34:27]} {[%emt 00:00:50]} 27. Qf4+ {[%clk 00:44:32]} {[%emt 00:00:55]} Kc6
{[%clk 00:33:01]} {[%emt 00:01:37]} 28. Qxf3 {[%clk 00:43:49]} {[%emt
00:00:53]} Qd6+ {[%clk 00:31:42]} {[%emt 00:01:28]} 29. Kh1 {[%clk 00:42:58]}
{[%emt 00:01:00]} Re3 {[%clk 00:29:39]} {[%emt 00:02:13]} 30. Bxd5+ {[%clk
00:41:20]} {[%emt 00:01:49]} Qxd5 {[%clk 00:28:54]} {[%emt 00:00:55]} 31. Qxd5+
{[%clk 00:41:16]} {[%emt 00:00:14]} Kxd5 {[%clk 00:28:53]} {[%emt 00:00:11]} 32.
Bg5 {[%clk 00:40:45]} {[%emt 00:00:38]} Rf3 {[%clk 00:27:20]} {[%emt 00:01:46]}
33. Kh2 {[%clk 00:39:03]} {[%emt 00:01:53]} Rh8 {[%clk 00:26:34]} {[%emt
00:00:55]} 34. Rg3 {[%clk 00:38:24]} {[%emt 00:00:48]} Bd6 {[%clk 00:25:58]}
{[%emt 00:00:47]} 35. Rag1 {[%clk 00:37:30]} {[%emt 00:01:04]} Bxg3+ {[%clk
00:25:23]} {[%emt 00:00:45]} 36. Rxg3 {[%clk 00:37:34]} {[%emt 00:00:05]} Rxg3
{[%clk 00:23:46]} {[%emt 00:01:48]} 37. Kxg3 {[%clk 00:37:39]} {[%emt
00:00:05]} f5 {[%clk 00:23:18]} {[%emt 00:00:38]} 38. Kf4 {[%clk 00:37:38]}
{[%emt 00:00:11]} Ke6 {[%clk 00:23:13]} {[%emt 00:00:15]} 39. c4 {[%clk
00:37:19]} {[%emt 00:00:30]} a6 {[%clk 00:21:26]} {[%emt 00:01:57]} 40. d4
{[%clk 00:37:19]} {[%emt 00:00:09]} Rf8 {[%clk 00:20:41]} {[%emt 00:00:55]} 41.
a4 {[%clk 00:36:41]} {[%emt 00:00:48]} Kd6 {[%clk 00:20:32]} {[%emt 00:00:18]}
42. h5 {[%clk 00:35:38]} {[%emt 00:01:14]} b6 {[%clk 00:18:26]} {[%emt
00:02:17]} 43. h6 {[%clk 00:35:01]} {[%emt 00:00:46]} Rf7 {[%clk 00:18:08]}
{[%emt 00:00:28]} 44. Bd8 {[%clk 00:33:37]} {[%emt 00:01:35]} Kc6 {[%clk
00:17:25]} {[%emt 00:00:53]} 45. b4 {[%clk 00:33:13]} {[%emt 00:00:34]} b5
{[%clk 00:17:00]} {[%emt 00:00:34]} 46. axb5+ {[%clk 00:31:05]} {[%emt
00:02:18]} axb5 {[%clk 00:17:04]} {[%emt 00:00:06]} 47. c5 {[%clk 00:30:47]}
{[%emt 00:00:28]} Kd5 {[%clk 00:16:13]} {[%emt 00:01:01]} 48. h7 {[%clk
00:28:52]} {[%emt 00:02:06]} Rxh7 {[%clk 00:16:11]} {[%emt 00:00:12]} 49. Kxf5
{[%clk 00:28:56]} {[%emt 00:00:05]} Kxd4 {[%clk 00:15:42]} {[%emt 00:00:39]} 50.
Ke6 {[%clk 00:28:39]} {[%emt 00:00:28]} Kc4 {[%clk 00:14:20]} {[%emt 00:01:31]}
51. Ba5 {[%clk 00:28:38]} {[%emt 00:00:11]} Ra7 {[%clk 00:13:53]} {[%emt
00:00:36]} 52. Kd6 {[%clk 00:28:27]} {[%emt 00:00:22]} Ra6+ {[%clk 00:13:03]}
{[%emt 00:01:01]} 53. c6 {[%emt 00:00:28]} Kd4 {[%clk 00:11:31]} {[%emt
00:01:41]} 54. Kd7 {[%clk 00:28:06]} {[%emt 00:00:13]} Ra8 {[%clk 00:04:54]}
{[%emt 00:06:47]} 55. c7 {[%clk 00:28:07]} {[%emt 00:00:09]} Kd5 {[%clk
00:04:47]} {[%emt 00:00:17]} 56. c8=Q {[%emt 00:00:15]} Rxc8 {[%clk 00:04:41]}
{[%emt 00:00:15]} 57. Kxc8 {[%clk 00:28:08]} {[%emt 00:00:04]} Kc6 {[%clk
00:04:49]} {[%emt 00:00:02]} 58. Kb8 {[%clk 00:28:01]} {[%emt 00:00:17]} Kd6
{[%clk 00:04:32]} {[%emt 00:00:27]} 59. Kb7 {[%clk 00:28:00]} {[%emt 00:00:12]}
Kd7 {[%clk 00:04:21]} {[%emt 00:00:21]} 60. Kb6 {[%clk 00:28:03]} {[%emt
00:00:06]} Kc8 {[%clk 00:04:24]} {[%emt 00:00:07]} 61. Kxb5 {[%clk 00:28:08]}
{[%emt 00:00:05]} Kb7 {[%clk 00:04:32]} {[%emt 00:00:01]} 62. Kc5 {[%clk
00:27:34]} {[%emt 00:00:44]} Kc8 {[%clk 00:04:25]} {[%emt 00:00:17]} 63. Kb6
{[%clk 00:27:31]} {[%emt 00:00:12]} Kb8 {[%clk 00:04:33]} {[%emt 00:00:03]} 64.
b5 {[%clk 00:27:34]} {[%emt 00:00:07]} Ka8 {[%clk 00:04:35]} {[%emt 00:00:08]}
65. Kc7 {[%clk 00:27:31]} {[%emt 00:00:13]} Ka7 {[%clk 00:04:37]} {[%emt
00:00:09]} 66. b6+ {[%clk 00:27:39]} {[%emt 00:00:01]} Ka6 {[%clk 00:04:21]}
{[%emt 00:00:26]} 67. b7 {[%clk 00:27:43]} {[%emt 00:00:06]} Kxa5 {[%clk
00:04:26]} {[%emt 00:00:05]} 68. b8=Q {[%clk 00:27:34]} {[%emt 00:00:18]} Ka4
{[%clk 00:04:34]} {[%emt 00:00:03]} 69. Qb2 {[%clk 00:27:33]} {[%emt 00:00:11]}
Ka5 {[%clk 00:04:41]} {[%emt 00:00:03]} 70. Qb3 {[%clk 00:27:37]} {[%emt
00:00:07]} Ka6 {[%clk 00:04:45]} {[%emt 00:00:05]} 71. Qb6# {[%clk 00:27:46]}
{[%emt 00:00:01]} 1-0